Billboard Hot 100 #1 Hits of 2020 - Statistics

General Stats
  • This quiz has been taken 33 times
  • The average score is 31 of 52
Answer Stats
Issue Date #1 Hit Artist % Correct
January 4 All I Want for Christmas Is You Mariah Carey
93%
December 19 All I Want for Christmas Is You Mariah Carey
93%
April 4 Blinding Lights The Weeknd
83%
April 11 Blinding Lights The Weeknd
83%
April 25 Blinding Lights The Weeknd
83%
May 2 Blinding Lights The Weeknd
83%
August 22 WAP Cardi B ft. Megan Thee Stallion
76%
August 29 WAP Cardi B ft. Megan Thee Stallion
76%
September 19 WAP Cardi B ft. Megan Thee Stallion
76%
September 26 WAP Cardi B ft. Megan Thee Stallion
76%
January 18 The Box Roddy Ricch
72%
January 25 The Box Roddy Ricch
72%
February 1 The Box Roddy Ricch
72%
February 8 The Box Roddy Ricch
72%
February 15 The Box Roddy Ricch
72%
February 22 The Box Roddy Ricch
72%
February 29 The Box Roddy Ricch
72%
March 7 The Box Roddy Ricch
72%
March 14 The Box Roddy Ricch
72%
March 21 The Box Roddy Ricch
72%
March 28 The Box Roddy Ricch
72%
September 5 Dynamite BTS
69%
September 12 Dynamite BTS
69%
October 3 Dynamite BTS
69%
June 6 Rain on Me Lady Gaga & Ariana Grande
69%
August 8 Cardigan Taylor Swift
66%
May 30 Savage Megan Thee Stallion ft. Beyoncé
62%
May 16 Say So Doja Cat ft. Nicki Minaj
62%
August 15 Watermelon Sugar Harry Styles
62%
May 23 Stuck with U Ariana Grande & Justin Bieber
55%
January 11 Circles Post Malone
52%
October 24 Mood 24kGoldn ft. Iann Dior
48%
October 31 Mood 24kGoldn ft. Iann Dior
48%
November 14 Mood 24kGoldn ft. Iann Dior
48%
November 21 Mood 24kGoldn ft. Iann Dior
48%
November 28 Mood 24kGoldn ft. Iann Dior
48%
December 12 Mood 24kGoldn ft. Iann Dior
48%
December 26 Willow Taylor Swift
48%
November 7 Positions Ariana Grande
45%
June 13 Rockstar DaBaby ft. Roddy Ricch
41%
June 20 Rockstar DaBaby ft. Roddy Ricch
41%
July 4 Rockstar DaBaby ft. Roddy Ricch
41%
July 11 Rockstar DaBaby ft. Roddy Ricch
41%
July 18 Rockstar DaBaby ft. Roddy Ricch
41%
July 25 Rockstar DaBaby ft. Roddy Ricch
41%
August 1 Rockstar DaBaby ft. Roddy Ricch
41%
October 17 Savage Love Jawsh 685, Jason Derulo, & BTS
38%
May 9 The Scotts Travis Scott & Kid Cudi
31%
June 27 Trollz 6ix9ine & Nicki Minaj
31%
April 18 Toosie Slide Drake
28%
October 10 Franchise Travis Scott ft.Young Thug and M.I.A.
21%
December 5 Life Goes On BTS
17%
No matching quizzes found
Score Distribution
Percent of People with Each Score
Percentile by Number Answered
Your Score History
You have not taken this quiz